[Event "SVK-ch rapid"]
[White "Ondrusova, Miroslava"]
[Black "Marko, Anton"]
[Site "Modra"]
[Round "5"]
[Result "1-0"]
[Date "2024.10.05"]
[WhiteElo "1900"]
[BlackElo "1975"]
[PlyCount "93"]
[EventDate "2024.10.05"]
[EventType "swiss (rapid)"]
[EventRounds "9"]
[EventCountry "SVK"]
[SourceTitle "EXT 2025"]
[Source "ChessBase"]
[SourceDate "2024.10.14"]
[SourceVersion "1"]
[SourceVersionDate "2024.10.14"]
[SourceQuality "1"]
[WhiteTeam "Slovakia"]
[BlackTeam "Slovakia"]
[WhiteTeamCountry "SVK"]
[BlackTeamCountry "SVK"]

1. d4 Nf6 2. c4 e6 3. Nf3 b6 4. Bg5 Bb7 5. e3 h6 6. Bh4 Be7 7. Nc3 0-0 8. Bg3 d5 9. Be2 Nbd7 10. 0-0 a6 11. Rc1 c5 12. cxd5 exd5 13. b3 Rc8 14. h3 Ne4 15. Bh2 cxd4 16. Nxe4 dxe4 17. Nxd4 g6 18. Rxc8 Qxc8 19. Qd2 Ba3 20. b4 Nf6 21. Rb1 Nd5 22. Nc2 Nc3 23. Nxa3 Nxb1 24. Qb2 Rd8 25. Nxb1 Qc6 26. Be5 Rc8 27. Nc3 Qe6 28. Bd4 b5 29. a4 bxa4 30. Nxa4 Qe7 31. Bh8 f5 32. Nc5 a5 33. Bd4 axb4 34. Qxb4 Bd5 35. Bc4 Bf7 36. Bxf7+ Qxf7 37. Qb6 Re8 38. Qd6 Kh7 39. Nd7 h5 40. Nf6+ Kh6 41. Nxe8 Qxe8 42. Qf6 Qg8 43. Qh8+ Qxh8 44. Bxh8 g5 45. Be5 Kg6 46. Kf1 g4 47. Ke1 1-0

[Event "SVK-chT3B2 2324"]
[White "Marko, Anton"]
[Black "Kutny, Marian"]
[Site "Slovakia"]
[Round "9.2"]
[Result "1-0"]
[Date "2024.03.03"]
[WhiteElo "2056"]
[BlackElo "1927"]
[PlyCount "107"]
[EventDate "2023.10.15"]
[EventType "team-tourn"]
[EventRounds "11"]
[EventCountry "SVK"]
[SourceTitle "EXT 2025"]
[Source "ChessBase"]
[SourceDate "2024.10.14"]
[SourceVersion "1"]
[SourceVersionDate "2024.10.14"]
[SourceQuality "1"]
[WhiteTeam "Chynorany"]
[BlackTeam "Belusa"]
[WhiteTeamCountry "SVK"]
[BlackTeamCountry "SVK"]

1. Nf3 d5 2. g3 Nf6 3. Bg2 g6 4. d4 Bg7 5. 0-0 0-0 6. c4 dxc4 7. Na3 Nbd7 8. Nxc4 c5 9. b3 cxd4 10. Bb2 Nb6 11. Nxb6 Qxb6 12. Bxd4 Qb5 13. Rc1 Be6 14. Rc5 Qa6 15. Ng5 Bg4 16. f3 Bf5 17. e4 Be6 18. Nxe6 Qxe6 19. Qe2 Rfd8 20. Bf2 Ne8 21. Rd1 Rac8 22. Rxc8 Rxc8 23. Qd3 Nd6 24. f4 Rc3 25. Qb1 Qc8 26. e5 Nf5 27. Qe4 b6 28. g4 Nh6 29. h3 f5 30. Qd5+ Nf7 31. g5 Bf8 32. Qd7 e6 33. Qxc8 Rxc8 34. Rd7 Rc1+ 35. Bf1 h6 36. h4 Bc5 37. Rxa7 Rc3 38. Bxc5 Rxc5 39. Bc4 Rc6 40. Re7 Kf8 41. Rxe6 Rxe6 42. Bxe6 Nd8 43. Bd5 hxg5 44. hxg5 Ke7 45. Kf2 Kd7 46. Ke3 Kc7 47. Kd4 Kd7 48. a4 Ke7 49. b4 Kd7 50. a5 bxa5 51. bxa5 Kc7 52. Kc5 Kb8 53. e6 Kc7 54. a6 1-0

[Event "SVK-chT3B2 2324"]
[White "Marko, Anton"]
[Black "Zernovic, Ferdinand"]
[Site "Slovakia"]
[Round "6.3"]
[Result "1/2-1/2"]
[Date "2024.01.21"]
[WhiteElo "2056"]
[BlackElo "1788"]
[PlyCount "89"]
[EventDate "2023.10.15"]
[EventType "team-tourn"]
[EventRounds "11"]
[EventCountry "SVK"]
[SourceTitle "EXT 2025"]
[Source "ChessBase"]
[SourceDate "2024.10.14"]
[SourceVersion "1"]
[SourceVersionDate "2024.10.14"]
[SourceQuality "1"]
[WhiteTeam "Chynorany"]
[BlackTeam "Povazske Podhradie II"]
[WhiteTeamCountry "SVK"]
[BlackTeamCountry "SVK"]

1. c4 e5 2. Nc3 Nc6 3. g3 f5 4. Bg2 Nf6 5. e3 d5 6. Nxd5 Nxd5 7. cxd5 Nb4 8. d3 Nxd5 9. Nf3 Bd6 10. 0-0 Qe7 11. e4 fxe4 12. dxe4 Nf6 13. Nh4 Be6 14. Nf5 Qd7 15. Nxd6+ cxd6 16. b3 0-0 17. Ba3 Rfd8 18. Qe2 Rac8 19. Rfd1 Rc6 20. Rd2 Qc7 21. Rad1 Ne8 22. Bb2 Rc8 23. f4 Rc2 24. fxe5 dxe5 25. Qb5 Qc5+ 26. Qxc5 R8xc5 27. b4 Rc8 28. a3 Bg4 29. Rxc2 Rxc2 30. Rb1 Nd6 31. Bxe5 Nc4 32. Bd4 Rd2 33. Bxa7 b6 34. Re1 Ra2 35. e5 Rxa3 36. Bd5+ Kf8 37. Bb8 b5 38. Bd6+ Nxd6 39. exd6 Rd3 40. Rf1+ Ke8 41. Bc6+ Bd7 42. Bxd7+ Kxd7 43. Rf7+ Kxd6 44. Rxg7 Rd4 45. Rxh7 1/2-1/2

[Event "SVK-chT2B 2324"]
[White "Lancz, Ondrej"]
[Black "Marko, Anton"]
[Site "Slovakia"]
[Round "7.4"]
[Result "1-0"]
[Date "2024.01.14"]
[WhiteElo "2023"]
[BlackElo "2040"]
[PlyCount "119"]
[EventDate "2023.10.07"]
[EventType "team-tourn"]
[EventRounds "11"]
[EventCountry "SVK"]
[SourceTitle "EXT 2025"]
[Source "ChessBase"]
[SourceDate "2024.10.14"]
[SourceVersion "1"]
[SourceVersionDate "2024.10.14"]
[SourceQuality "1"]
[WhiteTeam "Ziharec"]
[BlackTeam "Topolcany"]
[WhiteTeamCountry "SLO"]
[BlackTeamCountry "SVK"]

1. d4 Nf6 2. c4 e6 3. Nc3 Bb4 4. e3 b6 5. Nge2 Bb7 6. a3 Be7 7. d5 exd5 8. cxd5 a5 9. e4 Bc5 10. Ng3 0-0 11. Be2 Re8 12. 0-0 c6 13. Bg5 h6 14. Bf4 b5 15. Bf3 b4 16. Na4 Bf8 17. Qb3 cxd5 18. exd5 Na6 19. Rac1 Rc8 20. Be3 Qe7 21. d6 Qxd6 22. Bxb7 Rxc1 23. Rxc1 bxa3 24. Bxa6 axb2 25. Qxb2 Qxa6 26. h3 Nd5 27. Bc5 d6 28. Bd4 Nf4 29. Qc3 h5 30. Qf3 Ne6 31. Be3 g6 32. Qd5 Rb8 33. Bd2 Rb5 34. Qd3 Qb7 35. Ne4 d5 36. Nf6+ Kh8 37. Nc3 Rb3 38. Qxd5 Qxd5 39. Nfxd5 Nc5 40. Rb1 a4 41. Rxb3 axb3 42. Kf1 b2 43. Nb1 Bg7 44. Ke2 Ne4 45. Bc3 Nxc3+ 46. Ndxc3 f5 47. Kd3 Kh7 48. Kc2 g5 49. Kxb2 Bd4 50. f3 g4 51. Kc2 gxh3 52. gxh3 Kg6 53. Ne2 Be3 54. Kd3 f4 55. Nbc3 Kg5 56. Nd5 Ba7 57. Ke4 Kh4 58. Ndxf4 Bb8 59. Nd4 Kg5 60. Ng2 1-0

[Event "SVK-chT2B 2324"]
[White "Marko, Anton"]
[Black "Hudoba, Ondrej"]
[Site "Slovakia"]
[Round "2.2"]
[Result "1-0"]
[Date "2023.10.08"]
[WhiteElo "2040"]
[BlackElo "2043"]
[PlyCount "83"]
[EventDate "2023.10.07"]
[EventType "team-tourn"]
[EventRounds "11"]
[EventCountry "SVK"]
[SourceTitle "EXT 2025"]
[Source "ChessBase"]
[SourceDate "2024.10.14"]
[SourceVersion "1"]
[SourceVersionDate "2024.10.14"]
[SourceQuality "1"]
[WhiteTeam "Topolcany"]
[BlackTeam "Levice III"]
[WhiteTeamCountry "SVK"]
[BlackTeamCountry "SVK"]

1. Nf3 Nf6 2. g3 g6 3. Bg2 Bg7 4. d4 0-0 5. 0-0 d6 6. c4 Nbd7 7. Nc3 c6 8. e4 e5 9. h3 Re8 10. d5 c5 11. Be3 h6 12. a3 b6 13. Qc2 Nf8 14. Nd2 g5 15. b4 Ng6 16. bxc5 bxc5 17. Rab1 Nf4 18. gxf4 gxf4 19. Bxc5 dxc5 20. Rb5 Nd7 21. Kh2 Kh8 22. Rg1 Rg8 23. Qd3 Qh4 24. Nd1 Nf6 25. Qe2 Bf8 26. Rb3 Bd7 27. Bf1 Ng4+ 28. Kh1 Bd6 29. Nf3 Qh5 30. Nh2 Nf6 31. Rxg8+ Kxg8 32. Qxh5 Nxh5 33. Ng4 Ba4 34. Rb7 Kg7 35. Nc3 Be8 36. Nb5 Bxb5 37. cxb5 Nf6 38. Nxf6 Kxf6 39. Rd7 Bf8 40. Bc4 Kg6 41. Kg2 f5 42. Kf3 1-0

[Event "SVK-ch Blitz"]
[White "Marko, Anton"]
[Black "Kotlar, Maros"]
[Site "Nitra"]
[Round "9"]
[Result "1-0"]
[Date "2022.10.29"]
[WhiteElo "1999"]
[BlackElo "1689"]
[PlyCount "112"]
[EventDate "2022.10.29"]
[EventType "swiss"]
[EventRounds "13"]
[EventCountry "SVK"]
[SourceTitle "EXT 2024"]
[Source "ChessBase"]
[SourceDate "2023.10.10"]
[SourceVersion "1"]
[SourceVersionDate "2023.10.10"]
[SourceQuality "1"]

1. c4 Nf6 2. Nc3 c6 3. g3 d5 4. d4 e6 5. Bg2 Be7 6. Nf3 0-0 7. 0-0 Qc7 8. cxd5 exd5 9. Bf4 Bd6 10. Bg5 Be7 11. Rc1 Qd8 12. Re1 Bf5 13. Nh4 Bg6 14. Nxg6 hxg6 15. f3 Nbd7 16. e4 dxe4 17. fxe4 Re8 18. e5 Nh7 19. Bxe7 Qxe7 20. Ne4 Nb6 21. Qb3 Rf8 22. a4 Rab8 23. Rf1 Ng5 24. Nd6 Ne6 25. Rcd1 Nc8 26. Ne4 Rd8 27. Qc4 Nb6 28. Qc3 Nxa4 29. Qb3 Nb6 30. Nd6 Rf8 31. Rf2 Nc8 32. Ne4 Nb6 33. Bh3 Nd5 34. Rdf1 Ng5 35. Nxg5 Qxg5 36. e6 f5 37. Bg2 Qd8 38. Re2 Re8 39. Rfe1 Re7 40. Re5 Nf6 41. Qa3 Qxd4+ 42. Kh1 Qd8 43. Qxa7 b6 44. Qa4 c5 45. Qc4 Qd6 46. h3 Rd8 47. Kh2 Qd4 48. Qc2 Qd6 49. R5e2 Qc7 50. Rd2 Kf8 51. Red1 Rxd2 52. Qxd2 Re8 53. Qd6+ Qxd6 54. Rxd6 Rb8 55. Rc6 Ke7 56. Rc7+ Kxe6 1-0

[Event "SVK-ch Blitz"]
[White "Marko, Anton"]
[Black "Ruckschloss, Karol"]
[Site "Nitra"]
[Round "5"]
[Result "1/2-1/2"]
[Date "2022.10.29"]
[WhiteElo "1999"]
[BlackElo "2244"]
[PlyCount "105"]
[EventDate "2022.10.29"]
[EventType "swiss"]
[EventRounds "13"]
[EventCountry "SVK"]
[SourceTitle "EXT 2024"]
[Source "ChessBase"]
[SourceDate "2023.10.10"]
[SourceVersion "1"]
[SourceVersionDate "2023.10.10"]
[SourceQuality "1"]

1. c4 e5 2. Nc3 Nc6 3. g3 f5 4. Bg2 Nf6 5. d3 g6 6. e3 Bg7 7. Nge2 0-0 8. 0-0 d6 9. a3 g5 10. b4 Ne7 11. Nd5 c6 12. Nxf6+ Bxf6 13. Bb2 Ng6 14. f4 Qe7 15. Qd2 Be6 16. Rac1 Rad8 17. b5 d5 18. cxd5 cxd5 19. Qb4 Qg7 20. a4 d4 21. fxe5 Nxe5 22. Nxd4 Nxd3 23. Nxe6 Nxb4 24. Nxg7 Bxb2 25. Rc7 Bxg7 26. Rxb7 Rf7 27. Rxf7 Kxf7 28. Rb1 Nc2 29. a5 Nxe3 30. b6 axb6 31. axb6 Nxg2 32. b7 Rb8 33. Kxg2 Be5 34. h3 Ke6 35. Rb6+ Kd5 36. Rb5+ Kd6 37. Kf3 h5 38. Rb6+ Kc5 39. Re6 Kd5 40. Rb6 Kc5 41. Re6 Bd6 42. Rf6 f4 43. Rf5+ Kd4 44. gxf4 Bxf4 45. Rb5 Kc4 46. Rb1 Kc5 47. h4 Kc6 48. hxg5 Bxg5 49. Rg1 Be7 50. Rc1+ Kxb7 51. Rb1+ Kc7 52. Rxb8 Kxb8 53. Kg2 1/2-1/2

[Event "SVK-chT3B2 2122"]
[White "Marko, Anton"]
[Black "Zakovic, Jozef"]
[Site "Slovakia"]
[Round "11.1"]
[Result "1-0"]
[Date "2022.05.22"]
[WhiteElo "2073"]
[BlackElo "1750"]
[PlyCount "67"]
[EventDate "2021.10.24"]
[EventType "team-tourn"]
[EventRounds "11"]
[EventCountry "SVK"]
[SourceTitle "EXT 2024"]
[Source "ChessBase"]
[SourceDate "2023.10.10"]
[SourceVersion "1"]
[SourceVersionDate "2023.10.10"]
[SourceQuality "1"]
[WhiteTeam "Chynorany"]
[BlackTeam "Bojnice"]
[WhiteTeamCountry "SVK"]
[BlackTeamCountry "SVK"]

1. c4 e6 2. g3 Nf6 3. Bg2 Be7 4. e4 d6 5. Ne2 e5 6. 0-0 0-0 7. Nbc3 c5 8. h3 Nc6 9. d3 h6 10. f4 Bd7 11. a3 a6 12. Rb1 Qc7 13. b4 b6 14. g4 cxb4 15. axb4 Nh7 16. Nd5 Qd8 17. Be3 Rb8 18. b5 axb5 19. cxb5 Na7 20. Nec3 Nf6 21. Nxe7+ Qxe7 22. g5 hxg5 23. fxg5 Nh7 24. h4 g6 25. Nd5 Qd8 26. Nf6+ Kg7 27. Nxd7 Qxd7 28. d4 Rfd8 29. Qf3 Rb7 30. Rfd1 Qe8 31. Bf1 Qe7 32. Bc4 Nf8 33. Bd5 Nc8 34. Bxb7 1-0

[Event "SVK-chT1W 2122"]
[White "Kuna, Vladimir"]
[Black "Marko, Anton"]
[Site "Slovakia"]
[Round "8.7"]
[Result "0-1"]
[Date "2022.04.23"]
[WhiteElo "1950"]
[BlackElo "2054"]
[PlyCount "114"]
[EventDate "2021.11.06"]
[EventType "team-tourn"]
[EventRounds "11"]
[EventCountry "SVK"]
[SourceTitle "EXT 2023"]
[Source "ChessBase"]
[SourceDate "2022.10.05"]
[SourceVersion "1"]
[SourceVersionDate "2022.10.05"]
[SourceQuality "1"]
[WhiteTeam "Bratislava Slovan III"]
[BlackTeam "Topolcany"]
[WhiteTeamCountry "SVK"]
[BlackTeamCountry "SVK"]

1. d4 Nf6 2. Nf3 e6 3. c4 b6 4. Bg5 Bb7 5. e3 h6 6. Bh4 Be7 7. Nc3 Ne4 8. Bxe7 Qxe7 9. Be2 Nxc3 10. bxc3 d6 11. 0-0 0-0 12. Qc2 Nd7 13. Nd2 c5 14. Bf3 Bxf3 15. Nxf3 Rac8 16. d5 e5 17. e4 g6 18. g3 Kg7 19. Nh4 Qg5 20. Nf3 Qh5 21. Kg2 f5 22. h3 fxe4 23. Qxe4 Qf5 24. Qxf5 gxf5 25. a4 Rce8 26. Rfe1 Re7 27. Ra2 e4 28. Nd2 Ne5 29. Re3 h5 30. a5 Rb8 31. Rb2 Ree8 32. axb6 Rxb6 33. Rxb6 axb6 34. f3 Ra8 35. Kf1 Ra2 36. Ke1 Rxd2 37. Kxd2 Nxc4+ 38. Ke2 Nxe3 39. Kxe3 exf3 40. c4 Kf6 41. Kxf3 Ke5 42. Ke3 b5 43. cxb5 Kxd5 44. Kd3 c4+ 45. Kc3 Kc5 46. b6 Kxb6 47. Kxc4 Kc6 48. Kd4 d5 49. Ke5 Kc5 50. Kxf5 d4 51. Ke4 Kc4 52. g4 hxg4 53. hxg4 d3 54. g5 d2 55. g6 d1Q 56. Kf5 Qf3+ 57. Ke6 Qf8 0-1

[Event "SVK-chT2B 2122"]
[White "Skreno, Vladimir"]
[Black "Marko, Anton"]
[Site "Slovakia"]
[Round "5.1"]
[Result "1-0"]
[Date "2022.03.05"]
[WhiteElo "2101"]
[BlackElo "2054"]
[PlyCount "69"]
[EventDate "2021.10.16"]
[EventType "team-tourn"]
[EventRounds "11"]
[EventCountry "SVK"]
[SourceTitle "EXT 2023"]
[Source "ChessBase"]
[SourceDate "2022.10.05"]
[SourceVersion "1"]
[SourceVersionDate "2022.10.05"]
[SourceQuality "1"]
[WhiteTeam "Tlmace"]
[BlackTeam "Topolcany II"]
[WhiteTeamCountry "SVK"]
[BlackTeamCountry "SVK"]

1. d4 Nf6 2. Nf3 d5 3. c4 e6 4. Bg5 Be7 5. e3 0-0 6. Nc3 Nbd7 7. cxd5 Nxd5 8. Bxe7 Qxe7 9. Rc1 Nxc3 10. Rxc3 c5 11. d5 exd5 12. Qxd5 Rb8 13. Bb5 b6 14. Ra3 Rb7 15. 0-0 Nf6 16. Qe5 Bg4 17. Qxe7 Rxe7 18. Rd1 g6 19. Rad3 Kg7 20. h3 Bxf3 21. gxf3 Rc8 22. Kg2 Rec7 23. Bc4 Kf8 24. f4 Ke7 25. Kf3 Rb8 26. a4 h6 27. e4 Nh7 28. h4 Nf8 29. h5 gxh5 30. f5 Nd7 31. Kf4 f6 32. Rg3 Rd8 33. Rg7+ Kf8 34. Rf7+ Ke8 35. Rg1 1-0

[Event "SVK-chT2B 2122"]
[White "Berek, Geza"]
[Black "Marko, Anton"]
[Site "Slovakia"]
[Round "7.1"]
[Result "1-0"]
[Date "2022.02.12"]
[WhiteElo "2185"]
[BlackElo "2054"]
[PlyCount "63"]
[EventDate "2021.10.16"]
[EventType "team-tourn"]
[EventRounds "11"]
[EventCountry "SVK"]
[SourceTitle "EXT 2023"]
[Source "ChessBase"]
[SourceDate "2022.10.05"]
[SourceVersion "1"]
[SourceVersionDate "2022.10.05"]
[SourceQuality "1"]
[WhiteTeam "Levice II"]
[BlackTeam "Topolcany II"]
[WhiteTeamCountry "SVK"]
[BlackTeamCountry "SVK"]

1. e4 e6 2. d4 d5 3. Bd3 c5 4. exd5 Qxd5 5. Nc3 Qd8 6. Nf3 Nf6 7. dxc5 Bxc5 8. 0-0 Nc6 9. Qe2 a6 10. Bg5 Be7 11. Rad1 Qc7 12. a3 h6 13. Bh4 0-0 14. Rfe1 Re8 15. Bg3 Qa5 16. Ne4 Nxe4 17. Qxe4 f5 18. Qc4 g6 19. Rxe6 Bxe6 20. Qxe6+ Kg7 21. Ne5 Nxe5 22. Bxe5+ Qxe5 23. Qxe5+ Bf6 24. Qd5 Re7 25. b3 Rae8 26. g3 h5 27. Kg2 Rc7 28. Bc4 Rce7 29. a4 Rc7 30. Qd6 Rce7 31. Qb6 Rf8 32. Rd6 1-0

[Event "SVK-chT1W 2122"]
[White "Walterova, Ema"]
[Black "Marko, Anton"]
[Site "Slovakia"]
[Round "2.6"]
[Result "0-1"]
[Date "2021.11.07"]
[WhiteElo "2013"]
[BlackElo "2054"]
[PlyCount "88"]
[EventDate "2021.11.06"]
[EventType "team-tourn"]
[EventRounds "11"]
[EventCountry "SVK"]
[SourceTitle "EXT 2023"]
[Source "ChessBase"]
[SourceDate "2022.10.05"]
[SourceVersion "1"]
[SourceVersionDate "2022.10.05"]
[SourceQuality "1"]
[WhiteTeam "Bratislava KSN"]
[BlackTeam "Topolcany"]
[WhiteTeamCountry "SVK"]
[BlackTeamCountry "SVK"]

1. e4 d6 2. d4 Nf6 3. Nc3 g6 4. Be3 c6 5. Qd2 b5 6. f3 Nbd7 7. d5 cxd5 8. Nxd5 a6 9. c4 Rb8 10. cxb5 axb5 11. Ba7 Rb7 12. Bd4 Bg7 13. Rc1 e5 14. Be3 Nxd5 15. Qxd5 0-0 16. Qxd6 Qa5+ 17. Bd2 Qxa2 18. Qb4 Qa4 19. Qc3 Re8 20. Bd3 Nf8 21. Ne2 Ne6 22. 0-0 Qa7+ 23. Kh1 Rd8 24. Bc2 Rc7 25. Be3 Nd4 26. Bxd4 exd4 27. Qd3 b4 28. Bb3 Rxc1 29. Rxc1 Bh6 30. Rd1 Ba6 31. Bc4 Bxc4 32. Qxc4 d3 33. h3 Qe3 34. Ng1 Bf8 35. Qc7 Qd4 36. b3 Bc5 37. h4 Bb6 38. Qe7 d2 39. Nh3 h6 40. Kh2 Qc3 41. Qb7 Be3 42. Qe7 Rc8 43. Qd7 Qc7+ 44. Qxc7 Rxc7 0-1

[Event "SVK-ch Amateurs"]
[White "Marko, Anton"]
[Black "Hasterok, Lukasz"]
[Site "Topolcany"]
[Round "3"]
[Result "1-0"]
[Date "2021.08.07"]
[WhiteElo "2072"]
[BlackElo "1637"]
[PlyCount "65"]
[EventDate "2021.08.06"]
[EventType "swiss"]
[EventRounds "7"]
[EventCountry "SVK"]
[SourceTitle "EXT 2022"]
[Source "ChessBase"]
[SourceDate "2021.10.06"]
[SourceVersion "1"]
[SourceVersionDate "2021.10.06"]
[SourceQuality "1"]

1. c4 g6 2. Nf3 Bg7 3. d4 Nf6 4. g3 0-0 5. Bg2 d6 6. 0-0 Nbd7 7. Nc3 e5 8. e3 c6 9. Qc2 Qe7 10. b3 Ne8 11. Ba3 f5 12. dxe5 Nxe5 13. Rad1 f4 14. exf4 Bf5 15. Qd2 Nxf3+ 16. Bxf3 Qf6 17. Ne4 Bxe4 18. Bxe4 Rd8 19. Bg2 Rf7 20. Rfe1 Rfd7 21. Bh3 Re7 22. Rxe7 Qxe7 23. Qe3 Qxe3 24. fxe3 Kf7 25. e4 c5 26. Bxc5 b6 27. Ba3 Bf6 28. e5 dxe5 29. Rxd8 Bxd8 30. fxe5 Nc7 31. Kf2 Ne6 32. Bxe6+ Kxe6 33. Bd6 1-0

[Event "SVK-ch rapid"]
[White "Marko, Anton"]
[Black "Zetocha, Claudiu Andrei"]
[Site "Topolcany"]
[Round "3"]
[Result "1/2-1/2"]
[Date "2020.07.11"]
[WhiteElo "2026"]
[BlackElo "2207"]
[PlyCount "79"]
[EventDate "2020.07.11"]
[EventType "swiss (rapid)"]
[EventRounds "9"]
[EventCountry "SVK"]
[SourceTitle "CBM 197 Extra"]
[Source "ChessBase"]
[SourceDate "2020.09.30"]
[SourceVersion "1"]
[SourceVersionDate "2020.09.30"]
[SourceQuality "1"]

1. c4 Nf6 2. Nf3 c5 3. Nc3 e6 4. g3 b6 5. Bg2 Bb7 6. 0-0 d6 7. d3 Be7 8. e4 0-0 9. h3 a6 10. Re1 Qc7 11. b3 Rd8 12. Be3 Nbd7 13. Rc1 Rac8 14. Nd2 Qb8 15. f4 Bf8 16. g4 Qa8 17. g5 Ne8 18. h4 Nc7 19. Qg4 d5 20. Bf2 b5 21. h5 dxc4 22. bxc4 Nb6 23. Re3 Rd7 24. g6 h6 25. f5 exf5 26. exf5 Bxg2 27. Qxg2 Qxg2+ 28. Kxg2 Rcd8 29. cxb5 axb5 30. Nce4 Rxd3 31. Rxd3 Rxd3 32. Bxc5 Nbd5 33. Bxf8 Kxf8 34. Kf2 fxg6 35. hxg6 Ke7 36. Nf3 Ra3 37. Rc2 Ne8 38. Nd4 Rh3 39. Rc5 Ndf6 40. Nxf6 1/2-1/2